| 000 | 00883nam a2200217Ia 4500 | ||
|---|---|---|---|
| 003 | OSt | ||
| 005 | 20260428052431.0 | ||
| 008 | 260428b |||||||| |||| 00| 0 eng d | ||
| 020 | _a9781783475285 (PBK.) | ||
| 082 | _a330.156 LAV | ||
| 100 | _aLavoie, Marc. | ||
| 245 |
_aPost-Keynesian economics : New foundations _bnew foundations / _cMarc Lavoie |
||
| 260 |
_aLondon: _bEdward Elgar, _c2014. |
||
| 300 |
_axvi,660 p.; _c25 cm. |
||
| 365 | _b Rs. 4,641 | ||
| 505 | _aContents: 1. Essentials of heterodox and post-Keynesian economics -- 2. Theory of choice -- 3. Theory of the firm -- 4. Credit, money and central banks -- 5. Effective demand and employment -- 6. Accumulation and capacity -- 7. Open-economy macroeconomics -- 8. Inflation theory -- 9. Concluding remarks. | ||
| 650 | _aEconomics | ||
| 650 | _aKeynesian Theory | ||
| 700 |
_a _a |
||
| 942 |
_2ddc _cBK |
||
| 999 |
_c39714 _d39714 |
||